000 00938nam a2200289 i 4500
003 DO-SdBNP
005 20250403142752.0
007 ta
008 250403b2024 dr ac||| |||| 00| 0 spa d
020 _a9789945223910
040 _aDO-SdBNP
_bspa
_cBNPHU
_erda
041 _hspa
082 4 _axxx
_bE91p
_222
100 _aEusebio, Héctor Manuel
_eautor
_4aut.
_954104
245 1 0 _aPara qué te cuento ? :
_bmis vivencias y recuerdos /
_cHéctor Eusebio
250 _aPrimera edición
264 1 _aSanto Domingo :
_bEditora Búho,
_c2024.
300 _a182 páginas :
_bilustraciones, retratos ;
_c23 cm.
336 _atexto
_btxt
_2rdacontent
337 _asin mediación
_bn
_2rdamedia
338 _avolumen
_bnc
_2rdacarrier
500 _aIncluye datos biográficos del autor en la solapa de la cubierta
504 _aBibliografía : páginas 179-182
590 _aInventariado, 2024/BT
910 _aBtavárez
942 _2ddc
_cLBS1
999 _c58602
_d58602